Նուռ : (Record no. 442358)
[ view plain ]
| 000 -LEADER | |
|---|---|
| fixed length control field | 01142nam a22002177a 4500 |
| 003 - CONTROL NUMBER IDENTIFIER | |
| control field | AM-YeHGA |
| 005 - DATE AND TIME OF LATEST TRANSACTION | |
| control field | 20250618075219.0 |
| 008 - FIXED-LENGTH DATA ELEMENTS--GENERAL INFORMATION | |
| fixed length control field | 180510s2013 ai |||||r|||||||||0|arm|d |
| 040 ## - CATALOGING SOURCE | |
| Original cataloging agency | AM-YeHGA |
| 041 0# - LANGUAGE CODE | |
| Language code of text/sound track or separate title | arm |
| 090 ## - LOCALLY ASSIGNED LC-TYPE CALL NUMBER (OCLC); LOCAL CALL NUMBER (RLIN) | |
| -- | 445147 |
| 245 00 - TITLE STATEMENT | |
| Title | Նուռ : |
| Remainder of title | Երիտասարդ ստեղծագործողների առաջին համահայկական երիտասարդական մրցանակաբաշխություն : Բանաստեղծությունների ժողովածու / |
| Statement of responsibility, etc. | Խմբ. խորհուրդ՝ Աբգար Ափինյան, Ալեքսանդր Ղումաշյան և այլք ; «Համահայկական երիտասարդական շարժում» ՀԿ ; Երևանի գրողների միություն. |
| 260 ## - PUBLICATION, DISTRIBUTION, ETC. | |
| Place of publication, distribution, etc. | Երևան, |
| Date of publication, distribution, etc. | 2013. |
| 300 ## - PHYSICAL DESCRIPTION | |
| Extent | 242 էջ ; |
| Dimensions | 20 սմ. |
| 650 14 - SUBJECT ADDED ENTRY--TOPICAL TERM | |
| Topical term or geographic name entry element | Հայ գրականություն |
| 700 1# - ADDED ENTRY--PERSONAL NAME | |
| Personal name | Ափինյան, Աբգար |
| Relator term | խմբ. |
| 9 (RLIN) | 2331 |
| 700 1# - ADDED ENTRY--PERSONAL NAME | |
| Personal name | Ղումաշյան, Ալեքսանդր |
| Relator term | խմբ. |
| 9 (RLIN) | 3790 |
| 710 2# - ADDED ENTRY--CORPORATE NAME | |
| Corporate name or jurisdiction name as entry element | «Համահայկական երիտասարդական շարժում» ՀԿ |
| 710 2# - ADDED ENTRY--CORPORATE NAME | |
| Corporate name or jurisdiction name as entry element | Երևանի գրողների միություն |
| 942 ## - ADDED ENTRY ELEMENTS (KOHA) | |
| Source of classification or shelving scheme | Universal Decimal Classification |
| Koha item type | Գրքեր / Books |
| Withdrawn status | Lost status | Source of classification or shelving scheme | Damaged status | Not for loan | Collection | Home library | Current library | Date acquired | Total checkouts | Full call number | Barcode | Date last seen | Price effective from | Koha item type | Public note |
|---|---|---|---|---|---|---|---|---|---|---|---|---|---|---|---|
| Universal Decimal Classification | General | Fundamental Scientific Library | Fundamental Scientific Library | 26/11/2019 | AII/105365 | FL0612129 | 26/11/2019 | 26/11/2019 | Գրքեր / Books | 30 Days Loan |
ՀՀ Գիտությունների ազգային ակադեմիայի հիմնարար գիտական գրադարան = Fundamental Scientific Library of NAS RA
All site content, except where otherwise noted, is licensed under a